La carte mode d'emploi
Salvato in:
| Autore principale: | |
|---|---|
| Natura: | Libro |
| Lingua: | francese |
| Pubblicazione: |
París
Fayard-Reclus
1987
|
| Soggetti: | |
| Tags: |
Aggiungi Tag
Nessun Tag, puoi essere il primo ad aggiungerne!!
|
MARC
| LEADER | 00000cam a2200000 a 4500 | ||
|---|---|---|---|
| 001 | UCF5320 | ||
| 003 | CL-VaPUC | ||
| 008 | 130307e19870000FR |||||||||||||||||fre|d | ||
| 082 | 0 | 4 | |a 912 |b BRU |2 21 |
| 100 | 0 | |a Brunet, Roger |e author |9 567125 | |
| 245 | 1 | 3 | |a La carte mode d'emploi |
| 300 | |a 269 p | ||
| 942 | |c BK | ||
| 945 | |d 20130307 00:00:00 |a dcastane | ||
| 260 | |a París |b Fayard-Reclus |c 1987 | ||
| 650 | 0 | |a Cartografía |9 266055 | |
| 650 | 0 | |a Mapas |9 260844 | |
| 650 | 0 | |a Geografía |9 259346 | |
| 583 | |a last modification |c 20130307 11:37:00 |k Rodrigo Vera | ||
| 999 | |c 350869 |d 350867 | ||
| 952 | |0 0 |1 0 |4 0 |6 912_000000000000000_BRU_1987 |7 0 |8 A |9 454606 |a BIBING |b BIBING |d 2019-11-22 |i 4948734 |o 912 BRU 1987 |p 4948734 |r 2025-01-20 |w 2019-11-22 |y BK |k GEO | ||